000
00219nam a22000857a 4500
008
160713b xxu||||| |||| 00| 0 eng d
100
_9
2731
_a
Bacher, J.M
245
_a
Seasons of Love
260
_a
Oregon
_b
Harvest House
_c
1986
999
_c
2372
_d
2372